| 000 | 00459nam a2200145 i 4500 | ||
|---|---|---|---|
| 001 | 36003 | ||
| 003 | ES-MaACL | ||
| 007 | t| | ||
| 008 | 030214s1974 sp ||||1| spa d | ||
| 245 | 0 | 0 |
_aBrisfirina BL-P1322 _b: cepafirina sódica. |
| 260 |
_a[Madrid : _bPublicaciones Controladas, _c1974] |
||
| 300 |
_a134 p., 3 lám. : _bil. ; _c24 cm. |
||
| 500 | _aTrabajos premiados por el fondo de investigación Bristol 1973. | ||
| 852 |
_aES-MaACL _jE-7247 _bR.91277 |
||
| 999 |
_c36003 _d36003 |
||